Continents with the Most Countries - Statistics

General Stats
  • This quiz has been taken 174 times
  • The average score is 6 of 7
Answer Stats
Number of Countries Continent % Correct
54 Countries Africa
99%
48 Countries Asia
96%
50 Countries Europe
95%
23 Countries North America
93%
12 Countries South America
84%
14 Countries Oceania
81%
0 Countries Antarctica
64%
No matching quizzes found
Score Distribution
Percent of People with Each Score
Percentile by Number Answered
Your Score History
You have not taken this quiz